Accounting Standards (Record no. 1755)

MARC details
000 -LEADER
fixed length control field 00409nam a22001697a 4500
005 - DATE AND TIME OF LATEST TRANSACTION
control field 20180607152044.0
008 - FIXED-LENGTH DATA ELEMENTS--GENERAL INFORMATION
fixed length control field 160525b xxu||||| |||| 00| 0 eng d
020 ## - INTERNATIONAL STANDARD BOOK NUMBER
ISBN 81-203-1959
041 ## - LANGUAGE CODE
Language code of text/sound track or separate title eng
082 ## - DEWEY DECIMAL CLASSIFICATION NUMBER
Item number 5011
Classification number 657
100 ## - MAIN ENTRY--AUTHOR NAME
Personal name Bhattacharya, Asish K.
245 ## - TITLE STATEMENT
Title Accounting Standards
260 ## - PUBLICATION, DISTRIBUTION, ETC. (IMPRINT)
Place of publication New Delhi
Name of publisher Academic Faundation
300 ## - PHYSICAL DESCRIPTION
Number of Pages 480
650 ## - SUBJECT ADDED ENTRY--TOPICAL TERM
Topical Term Management
942 ## - ADDED ENTRY ELEMENTS (KOHA)
Koha item type Books
Holdings
Lost status Damaged status Collection code Home library Current library Shelving location Date acquired Cost, normal purchase price Full call number Accession Number Koha item type
    MANAGEMENT JRU Library JRU Library SHELF-71-J 25/05/2016 275.00 657 5011 Books
    MANAGEMENT JRU Library JRU Library SHELF-28-G 25/05/2016 275.00 657 5012 Books
    MANAGEMENT JRU Library JRU Library SHELF-71-J 25/05/2016 275.00 657 5013 Books
    MANAGEMENT JRU Library JRU Library SHELF-71-J 25/05/2016 275.00 657 5014 Books